| 000 | 00729nam a2200241 a 4500 | ||
|---|---|---|---|
| 999 |
_c1082 _d1082 |
||
| 001 | 1082 | ||
| 003 | BD-JhCC | ||
| 005 | 20171015183903.0 | ||
| 008 | 171014s1999 b ||||| |||| 00| 0 b d | ||
| 020 | _a984810657X | ||
| 035 | _a(BD-JhCC)1082 | ||
| 040 |
_aBD-JhCC _dBD-JhCC |
||
| 041 | _aben | ||
| 082 |
_223 _a320 _bMAR 1999 |
||
| 100 | _aমার্টিন, লেস | ||
| 245 |
_aদ্য এক্স ফাইলস / _cলেস মার্টিন; আহমদ জামান (অনু.) |
||
| 260 |
_aঢাকা : _bঅ.আ. প্রকাশন _c১৯৯৯ |
||
| 300 |
_a80 p. : _c22cm. |
||
| 650 | _aPolictics | ||
| 700 | _aজামান, আহমদ | ||
| 942 |
_2ddc _cBK |
||